000 00588nam a2200241Ia 4500
003 OSt
005 20221007072031.0
006 a|||||r|||| 00| 0
007 ta
008 221006b |||||||| |||| 00| 0 eng d
024 _a25,901
037 _cTextual
040 _aFLL
_cFLL
_beng
041 _2eng
_aeng
082 _aZ3, H4
100 _aBrierly J.L.
245 0 _aEnglish law
250 _a1st
260 _aLondon
_bOxford University Press London
_c1944
300 _a1-220p
_ccm.
942 _hZ3, H4
_cTEXL
_2CC
999 _c1145046
_d1145046